Povinnosti obcí v súvislosti s novelou zákona o slobodnom prístupe k informáciám

Účel novely zákona o slobodnom prístupe k informáciám. Platná právna úprava a vyplývajúce povinnosti. Nové povinnosti pre obce účinné od 1. januára 2009. Ilustračné príklady.

Saved in:
Bibliographic Details
Main Author: Wáclavová, Linda
Format: Book Chapter
Language:Slovak
Subjects:
Tags: Add Tag
No Tags, Be the first to tag this record!

MARC

LEADER 00000naa$a2200000$$$4500
001 0116263
005 20231127105154.5
041 0 |a slo 
044 |a SK 
245 1 0 |a Povinnosti obcí v súvislosti s novelou zákona o slobodnom prístupe k informáciám  |c Linda Wáclavová 
520 |a Účel novely zákona o slobodnom prístupe k informáciám. Platná právna úprava a vyplývajúce povinnosti. Nové povinnosti pre obce účinné od 1. januára 2009. Ilustračné príklady. 
610 2 0 |a obce 
610 2 0 |a Slovensko 
610 2 0 |a informácie 
610 2 0 |a ochrana informácií 
610 2 0 |a sloboda informácií 
610 2 0 |a legislatíva 
610 2 0 |a sektor verejný 
100 1 |a Wáclavová, Linda